| 000 | 00589cam a2200181 a 4500 | ||
|---|---|---|---|
| 001 | 000023580 | ||
| 005 | 20200930022326.0 | ||
| 008 | 840208s1976 ve 000 0 spa d | ||
| 040 |
_aDO-SdBNP _bspa _cLC _dBNPHU |
||
| 082 |
_aV867.42 _bB641hu |
||
| 100 | 1 |
_aBlanco, Andrés Eloy, _d1898-1955 _93991 |
|
| 245 | 1 | 0 |
_aHumorismo 2 / _cAndrés Eloy Blanco ; pórtico Jesús Rosas Marcano , Aníbal Nazoa. |
| 260 |
_aCaracas, venezuela : _bCentauro, _c1976. |
||
| 300 |
_axix, 247 p. ; _c17 cm. |
||
| 650 | 4 |
_aHumorismo venezolano _939331 |
|
| 650 | 4 |
_aLiteratura venezolana _93816 |
|
| 049 | _aBNGR | ||
| 999 |
_c23076 _d23076 |
||